[Event "NM for klubblag 2010"]
[Site "Drammen"]
[Date "2010.10.09"]
[Round "2"]
[Board "50"]
[White "Bonsaksen, Tore"]
[Black "Paulsen, Stig-Atle"]
[Result "1-0"]
[WhiteElo "1376"]
[BlackElo "1514"]
[PlyCount "75"]
[WhiteTeam "Drammens 2"]
[BlackTeam "Modum"]

1. e4 e5 2. Nf3 Nc6 3. Bb5 a6 4. Ba4 Bc5 5. O-O b5 6. Bb3 d6 7. h3 Be6 8. c3
Nf6 9. Re1 O-O 10. Bxe6 fxe6 11. d4 exd4 12. cxd4 Bb6 13. Nc3 Qc8 14. d5 Nd8
15. e5 dxe5 16. Nxe5 b4 17. dxe6 Nxe6 18. Nd5 Bxf2+ 19. Kh1 Nxd5 20. Qxd5 Bxe1
21. Be3 Bf2 22. Nd7 Bxe3 23. Nxf8 Kxf8 24. Qf5+ Kg8 25. Re1 Nd4 26. Qd5+ Qe6
27. Qxa8+ Kf7 28. Rf1+ Kg6 29. Qd8 Qe5 30. Qd7 Nf5 31. Qd3 Bf4 32. g4 Kg5 33.
gxf5 Qxf5 34. Rg1+ Kf6 35. Qxf5+ Kxf5 36. Rxg7 h6 37. Kg2 Ke4 38. Re7+ 1-0

[Event "NM for klubblag 2010"]
[Site "Drammen"]
[Date "2010.10.09"]
[Round "2"]
[Board "51"]
[White "Leite, Steinar"]
[Black "Roholdt, Njaal"]
[Result "1-0"]
[WhiteElo "1365"]
[BlackElo "1334"]
[PlyCount "101"]
[WhiteTeam "Modum"]
[BlackTeam "Drammens 2"]

1. e4 c5 2. Nf3 d6 3. Bb5+ Bd7 4. Bxd7+ Qxd7 5. O-O Nc6 6. Re1 Nf6 7. c3 g6 8.
d4 cxd4 9. cxd4 Bg7 10. d5 Nb4 11. a3 Na6 12. Nc3 O-O 13. Be3 Ng4 14. Bd4 Rac8
15. h3 Ne5 16. Nxe5 Bxe5 17. Bxe5 dxe5 18. Re3 Nc7 19. Qe2 a6 20. Re1 Qd6 21.
Rg3 Ne8 22. h4 Kh8 23. h5 gxh5 24. Qxh5 Nf6 25. Qf5 Rg8 26. Rh3 Qd7 27. Qxd7
Nxd7 28. Rh5 Rg6 29. f3 Rcg8 30. g4 Nc5 31. b4 Nd7 32. Kf2 f6 33. Reh1 h6 34.
Ne2 Kg7 35. Ng3 Nb6 36. Nf5+ Kf8 37. Rc1 Kf7 38. Nxh6+ Kg7 39. Nxg8 Kxg8 40.
Rc7 Rg7 41. Rxb7 Nc4 42. a4 Nb2 43. a5 Kf7 44. d6 Ke6 45. dxe7 Rg8 46. Rb6+ Kd7
47. Rh7 Rc8 48. Rxf6 Rc2+ 49. Kg3 Nd3 50. Rf8 Kd6 51. Rd8+ 1-0

[Event "NM for klubblag 2010"]
[Site "Drammen"]
[Date "2010.10.09"]
[Round "2"]
[Board "52"]
[White "Mather, Robert"]
[Black "Vålerhaugen, Kjell"]
[Result "0-1"]
[WhiteElo "1334"]
[BlackElo "1378"]
[PlyCount "64"]
[WhiteTeam "Drammens 2"]
[BlackTeam "Modum"]

1. d4 Nf6 2. c4 e6 3. Nf3 d5 4. e3 Be7 5. Nc3 O-O 6. cxd5 exd5 7. Bd3 Bg4 8.
O-O Nbd7 9. h3 Bh5 10. Be2 c6 11. a3 Qc7 12. b4 a6 13. Bb2 Rfe8 14. Rc1 Qb8 15.
Qc2 Bg6 16. Bd3 Bxd3 17. Qxd3 h6 18. Nh4 Nb6 19. Rc2 Nc4 20. Bc1 b5 21. Nf5 Bf8
22. f3 g6 23. Ng3 Qxg3 24. e4 dxe4 25. Qd1 e3 26. Ne2 Qd6 27. Rc3 Nd5 28. Rd3
Bg7 29. Qc2 Rac8 30. Nc3 Nxc3 31. Qxc3 Rcd8 32. Re1 Bxd4 0-1

[Event "NM for klubblag 2010"]
[Site "Drammen"]
[Date "2010.10.09"]
[Round "2"]
[Board "54"]
[White "Andersen, Øystein R"]
[Black "Fjellheim, Marius"]
[Result "1-0"]
[WhiteElo "1867"]
[BlackElo "1378"]
[PlyCount "89"]
[WhiteTeam "Black Knights 2"]
[BlackTeam "Akademisk 2"]

1. c4 f5 2. d4 Nf6 3. Nc3 e6 4. Nf3 Be7 5. Qc2 d6 6. e4 fxe4 7. Nxe4 O-O 8. Bd3
h6 9. h3 Nc6 10. a3 d5 11. Ng3 Bd6 12. Ne2 Kh8 13. c5 Be7 14. Nf4 Re8 15. Bg6
Rf8 16. Qe2 Ne4 17. Bxe4 dxe4 18. Qxe4 e5 19. Ng6+ Kg8 20. Nxf8 Bxf8 21. Nxe5
Qf6 22. Nxc6 bxc6 23. O-O Bd7 24. Bf4 Re8 25. Be5 Qg5 26. Qf4 Bxc5 27. Qxg5
hxg5 28. dxc5 Rxe5 29. b4 Kf7 30. Rad1 Rd5 31. Rxd5 cxd5 32. Rd1 Be6 33. Kf1 a6
34. Ke2 c6 35. Ke3 Kf6 36. Kd4 Bd7 37. g4 Be8 38. a4 Bd7 39. Re1 Be6 40. Re3 g6
41. Re1 Bd7 42. b5 axb5 43. axb5 cxb5 44. Kxd5 b4 45. Kc4 1-0

[Event "NM for klubblag 2010"]
[Site "Drammen"]
[Date "2010.10.09"]
[Round "2"]
[Board "55"]
[White "Tveit, Geir"]
[Black "Levang, Pål K"]
[Result "1/2-1/2"]
[WhiteElo "1493"]
[BlackElo "1863"]
[PlyCount "117"]
[WhiteTeam "Akademisk 2"]
[BlackTeam "Black Knights 2"]

1. d4 d5 2. Bf4 Nf6 3. e3 g6 4. Nf3 Bg7 5. h3 O-O 6. Be2 c5 7. c3 Nc6 8. O-O
Qb6 9. Qb3 Qxb3 10. axb3 Nd7 11. Bh2 e5 12. Nxe5 Ndxe5 13. dxe5 Nxe5 14. Nd2
Bf5 15. Nf3 Bd3 16. Bxe5 Bxe2 17. Bxg7 Kxg7 18. Rfe1 Bxf3 19. gxf3 Rfd8 20.
Red1 a5 21. b4 b6 22. bxa5 bxa5 23. Ra4 c4 24. e4 dxe4 25. Rxd8 Rxd8 26. fxe4
Rb8 27. Rxa5 Rxb2 28. Rc5 Rc2 29. Rxc4 h5 30. Kg2 Kf6 31. Kg3 Rc1 32. Rc5 Rg1+
33. Kf3 Rh1 34. Kg2 Re1 35. f3 Re2+ 36. Kg3 Ke6 37. h4 Rc2 38. c4 Rc1 39. Rc8
Kd7 40. Rc5 Ke6 41. Rc7 Rg1+ 42. Kh2 Rc1 43. c5 Kf6 44. c6 Rc5 45. Kg3 g5 46.
Rc8 Rc3 47. hxg5+ Kxg5 48. c7 h4+ 49. Kg2 Kf4 50. e5 h3+ 51. Kxh3 Kxf3 52. Kh4
Kf4 53. e6 Rc1 54. Kh3 Kf3 55. Kh2 Rc2+ 56. Kh1 Rc1+ 57. Kh2 Rc2+ 58. Kh3 Rc1
59. Kh4 1/2-1/2

[Event "NM for klubblag 2010"]
[Site "Drammen"]
[Date "2010.10.09"]
[Round "2"]
[Board "56"]
[White "Wasenius, Thomas"]
[Black "Chikwati, Elvis"]
[Result "1-0"]
[WhiteElo "1238"]
[BlackElo "1341"]
[PlyCount "53"]
[WhiteTeam "Black Knights 2"]
[BlackTeam "Akademisk 2"]

1. e4 c6 2. d4 d5 3. exd5 cxd5 4. c4 Nf6 5. Nc3 e6 6. Nf3 Be7 7. Be2 Nc6 8. Bf4
Bd6 9. Ne5 O-O 10. Qd2 a6 11. Rd1 Qc7 12. Qe3 Bd7 13. c5 Bxe5 14. dxe5 d4 15.
exf6 e5 16. Qg3 g6 17. Nd5 Qa5+ 18. Bd2 Qxc5 19. Qh4 Kh8 20. Ne7 Qd6 21. Bh6
Nxe7 22. Bxf8 Rxf8 23. fxe7 Re8 24. O-O Rxe7 25. Rc1 d3 26. Qh6 dxe2 27. Qf8#
1-0

[Event "NM for klubblag 2010"]
[Site "Drammen"]
[Date "2010.10.09"]
[Round "2"]
[Board "57"]
[White "Hauge, Lars Oskar"]
[Black "Taksrud, Vidar"]
[Result "1-0"]
[WhiteElo "1812"]
[BlackElo "2025"]
[PlyCount "97"]
[WhiteTeam "OSS 4"]
[BlackTeam "Tempo"]

1. e4 e5 2. Nf3 Nc6 3. d4 exd4 4. Nxd4 Bc5 5. Be3 Nxd4 6. Bxd4 Bxd4 7. Qxd4 Qf6
8. e5 Qb6 9. Qc3 Ne7 10. Bc4 O-O 11. Nd2 a5 12. O-O-O Qc6 13. Qg3 Nf5 14. Qg5
d5 15. exd6 h6 16. Qf4 Nxd6 17. g4 Nxc4 18. Nxc4 Be6 19. Ne5 Qb5 20. a3 Rad8
21. Qg3 Rd5 22. Rxd5 Qxd5 23. Rd1 Qa2 24. Nd3 c5 25. g5 hxg5 26. Qxg5 f6 27.
Qxc5 Rc8 28. Qd4 b6 29. Qxb6 Qc4 30. Ne1 Rc6 31. Qxa5 Rc5 32. Qd8+ Kf7 33. Qd4
Qb5 34. Nd3 Rc4 35. Qa7+ Kg8 36. Rg1 g5 37. Qe3 Bf5 38. Nb4 Re4 39. Qd2 Re2 40.
Qd4 Qb8 41. Qc4+ Re6 42. f4 Kh7 43. fxg5 Qxh2 44. Qf1 Be4 45. gxf6 Rc6 46. Qd1
Rxf6 47. Qd7+ Kh6 48. Qg7+ Kh5 49. Qg5# 1-0

[Event "NM for klubblag 2010"]
[Site "Drammen"]
[Date "2010.10.09"]
[Round "2"]
[Board "58"]
[White "Skjold, Reidar"]
[Black "Suntharalingam, Jathavan"]
[Result "0-1"]
[WhiteElo "1490"]
[BlackElo "1751"]
[PlyCount "46"]
[WhiteTeam "Tempo"]
[BlackTeam "OSS 4"]

1. e4 c5 2. Nf3 e6 3. d4 cxd4 4. Nxd4 Nf6 5. Bd3 Nc6 6. Nb3 d5 7. exd5 exd5 8.
O-O Be7 9. Bg5 O-O 10. Nc3 Be6 11. Qd2 Rc8 12. f4 d4 13. Ne2 h6 14. Bh4 a5 15.
Bf2 Bb4 16. Qd1 Ng4 17. Bxd4 Bxb3 18. axb3 Nxd4 19. Nxd4 Qxd4+ 20. Kh1 Nf2+ 21.
Rxf2 Qxf2 22. Qg4 Rce8 23. Rf1 Re1 0-1

[Event "NM for klubblag 2010"]
[Site "Drammen"]
[Date "2010.10.09"]
[Round "2"]
[Board "61"]
[White "Stray, Gunnar"]
[Black "Hansen, Erle Andrea Marki"]
[Result "0-1"]
[WhiteElo "1974"]
[BlackElo "1659"]
[PlyCount "140"]
[WhiteTeam "Moss 2"]
[BlackTeam "Kristiansand"]

1. d4 Nf6 2. Nf3 g6 3. g3 Bg7 4. Bg2 d6 5. O-O O-O 6. c4 Nc6 7. Nc3 e5 8. d5
Ne7 9. h3 Nd7 10. Qc2 f5 11. Ng5 Nf6 12. Rd1 h6 13. Nf3 Nh7 14. b3 g5 15. Ba3
b6 16. Rac1 Ng6 17. Bb2 Qf6 18. e3 h5 19. Nh2 Qf7 20. Ne2 f4 21. exf4 gxf4 22.
Be4 Bf5 23. Bxf5 Qxf5 24. Qxf5 Rxf5 25. g4 hxg4 26. hxg4 Rf7 27. Rc2 Ng5 28. a4
a5 29. Nc3 Bf6 30. Re2 e4 31. Nb5 Ne5 32. Bxe5 Bxe5 33. f3 Rh7 34. Rc2 e3 35.
Kg2 Rc8 36. Rf1 Rh3 37. Rh1 Rg3+ 38. Kf1 Nxf3 39. Nxf3 Rxf3+ 40. Ke1 Rg3 41.
Rch2 Rxg4 42. Rh7 f3 43. R7h3 Bg3+ 44. Kd1 e2+ 45. Kd2 e1=Q+ 46. Rxe1 Bxe1+ 47.
Kxe1 Rf8 48. Rh1 f2+ 49. Kf1 Re4 50. Kg2 Re2 51. Rf1 Rf7 52. Nd4 Re3 53. Rxf2
Rxf2+ 54. Kxf2 Rd3 55. Nb5 Rxb3 56. Nxc7 Kf7 57. Ke2 Ra3 58. Nb5 Rxa4 59. Nxd6+
Kf6 60. Kd3 Rb4 61. Kc3 Ke7 62. Nf5+ Kf7 63. Nd4 Rb1 64. Kc2 Rh1 65. Nb5 Rh3
66. Kb2 a4 67. Ka2 Rb3 68. Ka1 Rb4 69. Na3 Kf6 70. Nb5 Rxc4 0-1

[Event "NM for klubblag 2010"]
[Site "Drammen"]
[Date "2010.10.09"]
[Round "2"]
[Board "63"]
[White "Selbekk, Vebjørn"]
[Black "Aabid, Ryaad"]
[Result "1-0"]
[WhiteElo "1796"]
[BlackElo "1487"]
[PlyCount "97"]
[WhiteTeam "Moss 2"]
[BlackTeam "Kristiansand"]

1. d4 Nf6 2. c4 g6 3. Nc3 Bg7 4. e4 d6 5. Nf3 O-O 6. Be2 Bg4 7. h3 Bxf3 8. Bxf3
c5 9. dxc5 Nc6 10. cxd6 exd6 11. O-O Ne5 12. Be2 a6 13. Be3 Qc7 14. Qb3 Qc6 15.
Nd5 Rfe8 16. f3 Nh5 17. Bf2 Nd7 18. Rfd1 Nc5 19. Qb6 Rac8 20. Qxc6 Rxc6 21. Rd2
Be5 22. Rad1 Kg7 23. Bd4 f5 24. Bxe5+ Rxe5 25. exf5 gxf5 26. f4 Rxe2 27. Rxe2
Ne4 28. Ne7 Nhg3 29. Nxf5+ Kf6 30. Nxg3 Nxg3 31. Red2 Ne4 32. Rd4 Kf5 33. Re1
Nc5 34. g4+ Kf6 35. f5 Rb6 36. b3 a5 37. Red1 Ke7 38. f6+ Kd7 39. Rd5 Rc6 40.
Re1 Ne6 41. Rh5 Nf8 42. Re7+ Kd8 43. Rxb7 Kc8 44. Rf7 Nd7 45. Rhxh7 Rc7 46.
Rxd7 Rxd7 47. Rxd7 Kxd7 48. Kf2 Ke6 49. g5 1-0

[Event "NM for klubblag 2010"]
[Site "Drammen"]
[Date "2010.10.09"]
[Round "2"]
[Board "64"]
[White "Bratsberg, Lars Ivar"]
[Black "Antonsen, Helge"]
[Result "0-1"]
[WhiteElo "1152"]
[BlackElo "1398"]
[PlyCount "42"]
[WhiteTeam "Kristiansand"]
[BlackTeam "Moss 2"]

1. e4 c5 2. Nf3 e6 3. c3 Nc6 4. d4 cxd4 5. cxd4 Nf6 6. Nc3 d6 7. Bd3 Be7 8. Qc2
O-O 9. e5 dxe5 10. a3 exd4 11. Ne4 h6 12. O-O Bd7 13. Nxf6+ Bxf6 14. b4 Rc8 15.
Qe2 Re8 16. Bf4 e5 17. Bd2 e4 18. Bxe4 Bf5 19. Qb5 Bxe4 20. Ne1 d3 21. Qxb7
Bxa1 0-1

[Event "NM for klubblag 2010"]
[Site "Drammen"]
[Date "2010.10.09"]
[Round "2"]
[Board "65"]
[White "Mihajlov, Sebastian"]
[Black "Ulvnes, Roar"]
[Result "1/2-1/2"]
[WhiteElo "1755"]
[BlackElo "1945"]
[PlyCount "23"]
[WhiteTeam "OSS 5"]
[BlackTeam "Nordstrand 2"]

1. d4 e6 2. c4 f5 3. Nf3 Nf6 4. g3 Be7 5. Bg2 O-O 6. b3 d6 7. Bb2 Qe8 8. Nbd2
Qh5 9. e3 Nc6 10. a3 a5 11. Rc1 Bd7 12. Qe2 1/2-1/2

[Event "NM for klubblag 2010"]
[Site "Drammen"]
[Date "2010.10.09"]
[Round "2"]
[Board "66"]
[White "Johansen, Lars"]
[Black "Gholami, Armin"]
[Result "1/2-1/2"]
[WhiteElo "1720"]
[BlackElo "1685"]
[PlyCount "145"]
[WhiteTeam "Nordstrand 2"]
[BlackTeam "OSS 5"]

1. d4 Nf6 2. c4 e6 3. Nf3 d5 4. g3 dxc4 5. Bg2 c5 6. O-O Nc6 7. Qa4 Bd7 8. Qxc4
b5 9. Qd3 c4 10. Qd1 Bd6 11. Bg5 Rc8 12. Nc3 Ne7 13. Bxf6 gxf6 14. Ne4 Nf5 15.
Nh4 Nxh4 16. Nxd6+ Kf8 17. gxh4 Rb8 18. e4 Bc6 19. e5 Rg8 20. f3 fxe5 21. dxe5
Qxh4 22. Nf5 exf5 23. Qd6+ Kg7 24. Qxc6 Qd4+ 25. Rf2 Qxe5 26. f4 Qd4 27. Qd5
Qxd5 28. Bxd5 Kf6+ 29. Kf1 Rbd8 30. Bc6 b4 31. Rc1 Rd4 32. Bb5 Rc8 33. h3 c3
34. bxc3 bxc3 35. Rf3 Rb4 36. a4 c2 37. Ke2 Rd4 38. a5 a6 39. Bxa6 Re8+ 40. Re3
Rg8 41. Kf3 Ra8 42. Bd3 Rxa5 43. Rxc2 Raa4 44. Rc6+ Kg7 45. Kf2 Rxf4+ 46. Rf3
Rxf3+ 47. Kxf3 Ra3 48. Rd6 f6 49. Kf4 Ra4+ 50. Kxf5 Rh4 51. Rd7+ Kg8 52. Kxf6
Rh6+ 53. Ke5 Rxh3 54. Bc4+ Kf8 55. Be6 Re3+ 56. Kf6 Rf3+ 57. Bf5 Ke8 58. Rxh7
Kd8 59. Ke5 Rf1 60. Be6 Rd1 61. Rh8+ Kc7 62. Rc8+ Kb7 63. Rc4 Kb6 64. Bd5 Kb5
65. Kd6 Rg1 66. Rf4 Rg6+ 67. Ke5 Rg5+ 68. Kd4 Rg1 69. Bc4+ Kb4 70. Be2 Rg7 71.
Bg4 Kb5 72. Be6 Rg1 73. Rf5+ 1/2-1/2

[Event "NM for klubblag 2010"]
[Site "Drammen"]
[Date "2010.10.09"]
[Round "2"]
[Board "67"]
[White "Olsen, Ulrik"]
[Black "Aarnes, Carl Christian"]
[Result "1/2-1/2"]
[WhiteElo "1292"]
[BlackElo "1598"]
[PlyCount "142"]
[WhiteTeam "OSS 5"]
[BlackTeam "Nordstrand 2"]

1. e4 d5 2. exd5 Qxd5 3. Nf3 Nf6 4. d4 Bg4 5. Be2 e6 6. c4 Qa5+ 7. Bd2 Bb4 8.
a3 Bxd2+ 9. Qxd2 Qxd2+ 10. Nbxd2 Nbd7 11. Ne5 Bxe2 12. Nxd7 Nxd7 13. Kxe2 O-O-O
14. Nf3 f6 15. h4 c5 16. Rhd1 Rhe8 17. Rac1 cxd4 18. Nxd4 g6 19. Nb5 Re7 20.
Nxa7+ Kb8 21. Nb5 Rc8 22. b3 Ne5 23. Rd6 Nf7 24. Rd2 Rc5 25. Rcd1 Kc8 26. Nd6+
Nxd6 27. Rxd6 Re5+ 28. Kf1 Re4 29. R6d4 Re5 30. b4 b6 31. Re1 Rh5 32. g3 Kc7
33. Kg2 g5 34. hxg5 Rxg5 35. Ree4 Kc6 36. Rg4 Rxg4 37. Rxg4 Ra7 38. Rh4 Kd6 39.
Rd4+ Ke5 40. Rd3 Rc7 41. Re3+ Kd6 42. Rd3+ Ke5 43. f4+ Ke4 44. Rd6 Kf5 45. Rxb6
Rxc4 46. Kh3 e5 47. fxe5 fxe5 48. Rb8 e4 49. Rf8+ Ke5 50. Rf1 e3 51. Kg2 Rc3
52. a4 Ke4 53. Re1 Rc2+ 54. Kf1 Kf3 55. b5 Ra2 56. b6 Rxa4 57. Rb1 Ra8 58. b7
Rb8 59. Rb2 h5 60. Rb3 Rd8 61. Rb1 Rb8 62. Rb3 Kxg3 63. Rxe3+ Kf4 64. Rb3 h4
65. Kf2 h3 66. Rb4+ Ke5 67. Kg3 Kd6 68. Kxh3 Kc7 69. Rc4+ Kxb7 70. Rb4+ Kc7 71.
Rxb8 Kxb8 1/2-1/2

[Event "NM for klubblag 2010"]
[Site "Drammen"]
[Date "2010.10.09"]
[Round "2"]
[Board "68"]
[White "Dyrnes, Jussi"]
[Black "Grønn, Eskil Ekeland"]
[Result "1-0"]
[WhiteElo "1766"]
[BlackElo "1068"]
[PlyCount "85"]
[WhiteTeam "Nordstrand 2"]
[BlackTeam "OSS 5"]

1. e4 e6 2. d4 d5 3. Nd2 Nf6 4. e5 Nfd7 5. Bd3 c5 6. c3 Qb6 7. Ne2 Nc6 8. Nf3
cxd4 9. cxd4 Bb4+ 10. Kf1 h6 11. h4 Nf8 12. Nf4 Bd7 13. Be3 O-O-O 14. g3 g6 15.
Kg2 Nh7 16. Ne2 Kb8 17. Bxh6 Ne7 18. a3 Nc6 19. axb4 Nxb4 20. Nc3 Bc6 21. Be2
Rhg8 22. Na4 Bxa4 23. Rxa4 Nc6 24. Bf4 Rc8 25. Qd2 Rc7 26. Rc1 Rcc8 27. b4 a6
28. Rc5 Nf8 29. b5 Na7 30. Rxc8+ Nxc8 31. bxa6 Qa7 32. Rb4 b6 33. Qb2 Nd7 34.
Bb5 Rd8 35. Bg5 f6 36. exf6 Qc7 37. Bf4 e5 38. Nxe5 Nd6 39. Bxd7 Rxd7 40. Rxb6+
Kc8 41. Rc6 Qxc6 42. Nxc6 Nb7 43. a7 1-0

[Event "NM for klubblag 2010"]
[Site "Drammen"]
[Date "2010.10.09"]
[Round "2"]
[Board "69"]
[White "Standal, Bård"]
[Black "Lien, Kjell Håkon"]
[Result "1/2-1/2"]
[WhiteElo "1750"]
[BlackElo "1453"]
[PlyCount "59"]
[WhiteTeam "Tønsberg"]
[BlackTeam "Hønefoss 2"]

1. Nf3 Nf6 2. d3 d5 3. Nbd2 c5 4. e4 dxe4 5. dxe4 Nc6 6. g3 e5 7. Bg2 Be7 8.
O-O O-O 9. Re1 Be6 10. c3 Qd7 11. Ng5 Rfd8 12. Nxe6 Qxe6 13. Qe2 Rd7 14. h3
Rad8 15. Nf3 h6 16. Nh4 Bf8 17. Nf5 Ne7 18. g4 Kh7 19. g5 hxg5 20. Bxg5 Nxf5
21. exf5 Qxf5 22. Qxe5 Qxe5 23. Rxe5 Rd1+ 24. Re1 Rxa1 25. Rxa1 Kg6 26. h4 Rd7
27. Re1 Bd6 28. Bh3 Rd8 29. Kf1 Re8 30. Rd1 1/2-1/2

[Event "NM for klubblag 2010"]
[Site "Drammen"]
[Date "2010.10.09"]
[Round "2"]
[Board "70"]
[White "Røine, Morten"]
[Black "Bue, Gunnar"]
[Result "1-0"]
[WhiteElo "1439"]
[BlackElo "1644"]
[PlyCount "85"]
[WhiteTeam "Hønefoss 2"]
[BlackTeam "Tønsberg"]

1. Nc3 Nf6 2. Nf3 e6 3. e4 d6 4. d4 Be7 5. Be2 O-O 6. O-O c5 7. d5 Na6 8. a3
Nc7 9. dxe6 fxe6 10. b3 a6 11. Bb2 b5 12. e5 Nfd5 13. Ne4 dxe5 14. Nxe5 Bb7 15.
Bf3 Rb8 16. Qe1 Bd6 17. Nxd6 Qxd6 18. Rd1 Qe7 19. c4 bxc4 20. bxc4 Nb6 21. Bxb7
Rxb7 22. Qe4 Ne8 23. Nc6 Qc7 24. Qxe6+ Kh8 25. Na5 Qf7 26. Qc6 Rb8 27. Qxc5 Qf5
28. Qxf5 Rxf5 29. Nc6 Ra8 30. Rd4 Na4 31. Bc1 Nc5 32. Rd5 Rxd5 33. cxd5 Nf6 34.
Be3 Ncd7 35. Rd1 Rc8 36. Ne7 Re8 37. d6 Rb8 38. h3 Ne4 39. f3 Nc3 40. Rd3 Nb5
41. a4 Nxd6 42. Rxd6 Ne5 43. Bf4 1-0

[Event "NM for klubblag 2010"]
[Site "Drammen"]
[Date "2010.10.09"]
[Round "2"]
[Board "71"]
[White "Syvertsen, Rolf E"]
[Black "Granum, Roger"]
[Result "1/2-1/2"]
[WhiteElo "1584"]
[BlackElo "1380"]
[PlyCount "72"]
[WhiteTeam "Tønsberg"]
[BlackTeam "Hønefoss 2"]

1. d4 d5 2. c4 c6 3. Nc3 Nf6 4. Nf3 Bf5 5. Qb3 Qb6 6. Qxb6 axb6 7. cxd5 Nxd5 8.
Nxd5 cxd5 9. e3 Nc6 10. Bd2 f6 11. Bb5 e6 12. O-O Bd6 13. Rfc1 Kd7 14. Bc3 g5
15. a3 h5 16. Re1 h4 17. Nd2 g4 18. e4 Bg6 19. Re2 Bf4 20. exd5 exd5 21. Rae1
Rhe8 22. Rxe8 Rxe8 23. Rxe8 Kxe8 24. g3 hxg3 25. hxg3 Bd6 26. Kf1 Kf7 27. Ke2
f5 28. Ke3 Kf6 29. Nc4 dxc4 30. d5+ Ne5 31. Kf4 Bc7 32. Bxc4 Bf7 33. b4 b5 34.
Bb3 Bd6 35. Ba2 Be8 36. Bb3 Bf7 1/2-1/2

[Event "NM for klubblag 2010"]
[Site "Drammen"]
[Date "2010.10.09"]
[Round "2"]
[Board "72"]
[White "Thingstad, Tormod"]
[Black "Beck, Anders Knudsen"]
[Result "0-1"]
[WhiteElo "1077"]
[BlackElo "1406"]
[PlyCount "58"]
[WhiteTeam "Hønefoss 2"]
[BlackTeam "Tønsberg"]

1. c4 c5 2. Nc3 Nc6 3. g3 e6 4. Bg2 Nf6 5. Nf3 d5 6. cxd5 exd5 7. O-O d4 8. Nb5
a6 9. Na3 Bd6 10. d3 h6 11. Bd2 O-O 12. Rc1 Be6 13. Nc4 Bc7 14. b3 Qd7 15. e4
Rfe8 16. e5 Nd5 17. h4 Bf5 18. Re1 Kh7 19. Nb2 b6 20. Bf4 Bh3 21. e6 Bxe6 22.
Bxc7 Qxc7 23. Nc4 Re7 24. Nce5 Nxe5 25. Nxe5 Rae8 26. f4 f6 27. Be4+ Kg8 28.
Ng6 Rd7 29. Qh5 Ne3 0-1

[Event "NM for klubblag 2010"]
[Site "Drammen"]
[Date "2010.10.09"]
[Round "2"]
[Board "73"]
[White "Meyer, Michael A"]
[Black "Ingul, Tormod"]
[Result "0-1"]
[WhiteElo "1313"]
[BlackElo "1749"]
[PlyCount "78"]
[WhiteTeam "Fredriksstad"]
[BlackTeam "SMPOAÅ"]

1. e4 d5 2. exd5 Nf6 3. d4 Bg4 4. Be2 Bxe2 5. Nxe2 Qxd5 6. O-O Nc6 7. c4 Qxc4
8. b3 Qd5 9. Nbc3 Qh5 10. Ng3 Qxd1 11. Rxd1 O-O-O 12. d5 Nb4 13. Be3 Nbxd5 14.
Nxd5 Nxd5 15. Bc5 e6 16. Bxf8 Rhxf8 17. Ne4 h6 18. h3 Nf4 19. Nc3 Rxd1+ 20.
Rxd1 Rd8 21. Rxd8+ Kxd8 22. Kf1 Kd7 23. h4 a6 24. g3 Nd5 25. Ne4 b6 26. a3 c5
27. Ke2 Kc6 28. Kd3 b5 29. Nd2 e5 30. Ne4 f5 31. Nd2 Kd6 32. f3 Nf6 33. Ke3 Kd5
34. Kd3 e4+ 35. Ke3 Ke5 36. f4+ Kd5 37. Nb1 Ng4+ 38. Kd2 Kd4 39. Nc3 e3+ 0-1

[Event "NM for klubblag 2010"]
[Site "Drammen"]
[Date "2010.10.09"]
[Round "2"]
[Board "74"]
[White "Tørum, Arild"]
[Black "Eriksen, Geir-Arne"]
[Result "1-0"]
[WhiteElo "1571"]
[BlackElo "1248"]
[PlyCount "67"]
[WhiteTeam "SMPOAÅ"]
[BlackTeam "Fredriksstad"]

1. e4 e5 2. Nc3 Nf6 3. f4 exf4 4. Nf3 Bb4 5. Bc4 O-O 6. d3 d6 7. Bxf4 Bg4 8.
Qd2 c6 9. a3 Bxc3 10. Qxc3 d5 11. e5 Nh5 12. Bg5 f6 13. exf6 Re8+ 14. Ne5 gxf6
15. O-O Qb6+ 16. Kh1 fxe5 17. Bb3 Nd7 18. Bh6 Nf4 19. Rxf4 Bh5 20. Raf1 Re6 21.
Rb4 Qc7 22. Qd2 Bg6 23. c4 Rf6 24. Rxf6 Nxf6 25. Qg5 a5 26. Qxf6 Qf7 27. Qxf7+
Kxf7 28. Rxb7+ Kf6 29. cxd5 cxd5 30. Bxd5 Rd8 31. Rb6+ Kf5 32. Be4+ Kg4 33.
Bf3+ Kf5 34. g4# 1-0

[Event "NM for klubblag 2010"]
[Site "Drammen"]
[Date "2010.10.09"]
[Round "2"]
[Board "75"]
[White "Kjernlie, Ole Ivar"]
[Black "Dybvik, Edvin"]
[Result "0-1"]
[WhiteElo "1225"]
[BlackElo "1532"]
[PlyCount "92"]
[WhiteTeam "Fredriksstad"]
[BlackTeam "SMPOAÅ"]

1. e4 e5 2. Nf3 Nc6 3. Bb5 d6 4. d4 exd4 5. Nxd4 Bd7 6. O-O Nf6 7. Re1 Nxd4 8.
Bxd7+ Qxd7 9. Qxd4 c5 10. Qd1 O-O-O 11. c4 Be7 12. Nc3 h5 13. Nd5 Nxd5 14. exd5
Bf6 15. Rb1 h4 16. h3 Qf5 17. Be3 Rde8 18. b4 b6 19. bxc5 dxc5 20. Qa4 Qd7 21.
Qxd7+ Kxd7 22. Re2 Re4 23. Rc1 Rhe8 24. Rcc2 Bd4 25. Kf1 Bxe3 26. fxe3 Rxe3 27.
Kf2 Rxe2+ 28. Rxe2 Rxe2+ 29. Kxe2 f5 30. Kf3 g5 31. a4 Kd6 32. g3 hxg3 33. Kxg3
a6 34. h4 f4+ 35. Kg4 f3 36. Kxf3 gxh4 37. Kg4 b5 38. cxb5 axb5 39. axb5 Kxd5
40. Kxh4 c4 41. Kg4 Kc5 42. b6 Kxb6 43. Kf4 Kb5 44. Ke3 Kb4 45. Kd2 Kb3 46. Kc1
Kc3 0-1

[Event "NM for klubblag 2010"]
[Site "Drammen"]
[Date "2010.10.09"]
[Round "2"]
[Board "76"]
[White "Gunnufsen, Morten"]
[Black "Rosseland, Jon Birger"]
[Result "1-0"]
[WhiteElo "1336"]
[BlackElo "1083"]
[PlyCount "79"]
[WhiteTeam "SMPOAÅ"]
[BlackTeam "Fredriksstad"]

1. e4 c5 2. c3 d6 3. d4 cxd4 4. cxd4 g6 5. Nf3 Bg7 6. Na3 a6 7. Bd3 e6 8. O-O
Ne7 9. Nc2 d5 10. e5 Nbc6 11. a3 O-O 12. Be3 Nf5 13. Bxf5 exf5 14. Qd2 Re8 15.
Rfe1 f6 16. exf6 Bxf6 17. Bg5 Bd7 18. Bxf6 Qxf6 19. Ne3 Be6 20. Nc2 Kg7 21. Nb4
Bg8 22. Nxc6 bxc6 23. Ne5 a5 24. Rac1 Ra6 25. Nd7 Rxe1+ 26. Rxe1 Qd6 27. Nc5
Ra7 28. Nd3 h6 29. Ne5 c5 30. dxc5 Qxc5 31. Rc1 Qd6 32. Qd4 Qe7 33. Nc6+ Qf6
34. Qxf6+ Kxf6 35. Nxa7 d4 36. Nc6 Ke6 37. Nxd4+ Kd5 38. Ne2 Ke4 39. Rc5 Kd3
40. Nf4+ 1-0

[Event "NM for klubblag 2010"]
[Site "Drammen"]
[Date "2010.10.09"]
[Round "2"]
[Board "77"]
[White "Tari, Aryan"]
[Black "Haug, Johannes"]
[Result "1-0"]
[WhiteElo "1999"]
[BlackElo "1505"]
[PlyCount "39"]
[WhiteTeam "Asker 2"]
[BlackTeam "Nordstrand 3"]

1. e4 e6 2. d4 d5 3. Nc3 Nc6 4. Nf3 Nf6 5. Bg5 Be7 6. exd5 exd5 7. Be2 O-O 8.
O-O Be6 9. h3 Nd7 10. Bf4 Nb6 11. Bd3 Nb4 12. Nb5 c5 13. dxc5 Bxc5 14. Nc7 Rc8
15. Nxe6 fxe6 16. Bxh7+ Kxh7 17. Ng5+ Kg8 18. Qh5 Rxf4 19. Qh7+ Kf8 20. Nxe6+
1-0

[Event "NM for klubblag 2010"]
[Site "Drammen"]
[Date "2010.10.09"]
[Round "2"]
[Board "78"]
[White "Abrahamsen, Knut Ø"]
[Black "Strand, Kjetil"]
[Result "1-0"]
[WhiteElo "1426"]
[BlackElo "1919"]
[PlyCount "73"]
[WhiteTeam "Nordstrand 3"]
[BlackTeam "Asker 2"]

1. e4 e5 2. Nf3 Nc6 3. Bb5 a6 4. Ba4 Nf6 5. O-O Be7 6. Re1 b5 7. Bb3 d6 8. c3
O-O 9. h3 Na5 10. Bc2 c5 11. d4 Qc7 12. Nbd2 cxd4 13. cxd4 Nc6 14. d5 Nb4 15.
Bb1 a5 16. Nf1 Bd7 17. a3 Na6 18. Bd2 b4 19. Ng3 Rfc8 20. Nh4 Nxd5 21. exd5
Bxh4 22. Qh5 Bf6 23. Qxh7+ Kf8 24. Nf5 Bxf5 25. Bxf5 Rcb8 26. Rac1 Qd8 27. Rc6
Ke7 28. f4 Qh8 29. fxe5 Bxe5 30. Rxe5+ Kf6 31. Re6+ fxe6 32. Qg6+ Ke7 33. Qxe6+
Kf8 34. Bg6 Rb7 35. Rc8+ Rxc8 36. Qxc8+ Ke7 37. Bg5# 1-0